Gen 7 Pokemon - Statistics

General Stats
  • This quiz has been taken 12 times
  • The average score is 18 of 81
Answer Stats
Answer % Correct
Rowlet
100%
Dartrix
91%
Decidueye
91%
Litten
73%
Poplio
73%
Brionne
64%
Torracat
64%
Incineroar
55%
Primarina
55%
Cosmoem
45%
Cosmog
45%
Lunala
45%
Solgaleo
45%
Buzzwole
27%
Celesteela
27%
Gumshoos
27%
Guzzlord
27%
Magearna
27%
Mareanie
27%
Pheromosa
27%
Salandit
27%
Salazzle
27%
Toxapex
27%
Vikavolt
27%
Bewear
18%
Charjabug
18%
Crabrawler
18%
Drampa
18%
Jangmo-o
18%
Kartana
18%
Mimikyu
18%
Nihilego
18%
Oricorio
18%
Palosand
18%
Pikipeck
18%
Stufful
18%
Tapu Bulu
18%
Tapu Fini
18%
Tapu Koko
18%
Tapu Lele
18%
Togedemaru
18%
Trumbeak
18%
Wishiwashi
18%
Xurkitree
18%
Araquanid
9%
Boundsweet
9%
Bruxish
9%
Comfey
9%
Cutifly
9%
Dewpider
9%
Dhelmise
9%
Formantis
9%
Golispod
9%
Grubblin
9%
Hakamo-o
9%
Komala
9%
Kommo-o
9%
Lurantis
9%
Lycanroc
9%
Marshadow
9%
Morelull
9%
Mudbray
9%
Mudsdale
9%
Passimian
9%
Pyukumuku
9%
Ribombee
9%
Rockruff
9%
Sandyghast
9%
Shiinotic
9%
Sivally
9%
Steenee
9%
Tocannon
9%
Tsareena
9%
Turtonator
9%
Wimpod
9%
Crabomible
0%
Minior
0%
Necromaza
0%
Null
0%
Oranguru
0%
Yangoos
0%
No matching quizzes found
Score Distribution
Percent of People with Each Score
Percentile by Number Answered
Your Score History
You have not taken this quiz